Statistiques concernant Noms actuels de villes à partir d'anciens noms

Cliquez ici pour prendre le quiz!

Statistiques générales

  • Ce quiz a été pris 280 fois
  • Le résultat moyen est 6 sur 10

Statistiques - réponses

Nom ancien Nom actuel % Correct
LutèceParis
97%
LugdunumLyon
84%
ByzanceIstanbul
84%
Nouvelle AmsterdamNew York
72%
TenochtitlanMexico
64%
EdoTokyo
57%
StalingradVolgograd
37%
BataviaJakarta
24%
SmyrneIzmir
21%
ThèbesLouxor
17%

Distribution des résultats

Percentile by Number Answered

% des personnes avec chaque résultat

Votre développement - résultats

Vous n’avez pas pris ce quiz